Régi magyar költők tára XVII. század 8. Bethlen Gábor korának költészete

Bibliographic Details
Main Author: Stoll, Béla, 1928-2011 (Adapter, Compiler)
Other Authors: Komlovszki, Tibor, 1928-1996 (Compiler)
Format: Book
Language:Hungarian
PhysicalDescription:651 strán 25 cm
Published: Budapest Akadémiai Kiadó 1976
Subjects:

MARC

LEADER 00000cam a2200000 a 4500
001 vtls008486564
003 SK-MaSNL
005 20260302074926.0
008 250313s1976 hu g n 001 0 hun
015 |a SNBA1976 
020 |q (viazané) 
035 |a SAVUKc062429 
035 |a urn:nbn:sk:snk-am3ildc 
035 |a 681CCF2B-3F18-4752-8A20-0E768A10F4B9 
035 |a urn:nbn:sk:snk-am00eo5j 
040 |a SNK  |b slo  |c SNK  |e AACR2 
041 0 |a hun 
044 |a hu  |c HU 
072 7 |a 821.511.1  |x Ugrofínske literatúry  |2 konspekt 
080 |a 821.511.141-1  |2 2011 
080 |a (082.21)  |2 2011 
245 0 0 |a Régi magyar költők tára XVII. század  |n 8.  |p Bethlen Gábor korának költészete  |c sajtó alá rendezte: Komlovszki Tibor és Stoll Béla ; szerkeszti: Stoll Béla 
246 3 0 |a Bethlen Gábor korának költészete 
246 3 |a Régi magyar költők tára 17. század 
260 |a Budapest  |b Akadémiai Kiadó  |c 1976 
300 |a 651 strán  |c 25 cm 
500 |a Zoznam skratiek na strane 629-630 ; zoznam piesní na strane 631-634 ; poznámky pod čiarou 
504 |a Bibliografia na strane 625-628 ; menný register na strane 635-640 ; obsahuje bibliografické odkazy 
600 1 7 |a Bethlen, Gábor,  |d 1580-1629  |2 SNKMA  |9 741116 
655 7 |a maďarská poézia  |2 SNKPH  |9 70602 
655 7 |a výbery  |2 SNKPH  |9 67620 
700 1 |a Komlovszki, Tibor,  |d 1928-1996  |4 com  |9 741117 
700 1 |a Stoll, Béla,  |d 1928-2011  |4 com  |4 adp  |9 365156 
852 |a Slovenská národná knižnica 
954 |a beletria cudzojazyčná (svetová)  |2 lita 
958 |a RK 
958 |a TL 
958 |a HU 
958 |a LX 
958 |a NB 
958 |a OND 
999 |c 1167093  |d 1169023 
952 |a SNK  |b SNK  |y PREZ  |7 0  |p 17A0882681  |o snkSC 17643/8  |i snkV 1627/77  |8 2  |0 0  |1 0  |4 0  |d 2020-10-09  |f 1  |l 0  |r 2025-07-25 00:00:00  |w 2026-02-24